El Manatí (trichechus manatus) en Tabasco /

Este libro presenta un informe técnico sobre las poblaciones de manatí en Tabasco, realizado para diseñar estrategias para su con -servación.

Guardado en:
Detalles Bibliográficos
Autor principal: Arriaga Weiss, Stefan (autor)
Otros autores: Contreras Sánchez, Wilfrido (autor) (autor)
Formato: Libro
Idioma:Español
Temas:
Etiquetas: Agrega una etiqueta
Sin etiquetas, Sé el primero en etiquetar este registro!

MARC

LEADER 00000nam^a2200000^a^4500
001 000038529
005 20250521000000.0
009 20260310085507.97
037 |a Acervo ITESO - Biblioteca 
041 |a ESP 
082 |a 599. 55  |b ARR 
100 |a Arriaga Weiss, Stefan  |e (autor) 
245 1 3 |a El Manatí (trichechus manatus) en Tabasco /  |c Stefan Arriaga Weiss, Wilfrido Contreras Sánchez. 
264 |a Villahermosa, México :  |b Universidad Juárez Autónoma de Tabasco,  |c 1993 
300 |a 73 p. 
336 |a texto  |b txt  |2 rdacontenido 
337 |a sin mediación  |b n  |2 rdamedio 
338 |a volumen  |b nc  |2 rdasoporte 
520 |a Este libro presenta un informe técnico sobre las poblaciones de manatí en Tabasco, realizado para diseñar estrategias para su con -servación. 
649 |a XX 
650 |a Biología 
650 |a Zoología 
650 |a Manatíes -  |z México 
650 |a Manatíes -  |z Tabasco 
650 |a Manatíes -  |z México 
700 |a Contreras Sánchez, Wilfrido  |e (autor) 
910 |a Fondo General 
920 |a Impresos - Libros 
930 |a Colección General 
905 |a 101 
901 |a 0385290100  |b IT1  |c ACC  |i 038529  |u 20250521 
902 |a https://opac.biblio.iteso.mx/vufind/Record/000038529